000 00586nam a2200193Ia 4500
005 20260120124554.0
008 008 260114s9999 xx 000 0 eng d
020 _a9781780525242
037 _aEBOOK
040 _aCRL
_beng
_cCRL
041 _aeng
_2eng
084 _qCRL
245 0 _aMissing Data Methods: Crosssectional Methods and Applications
260 _bEmerald Publishing
_c2011
700 _aDavid M. Drukker
_9907916
856 _uhttps://www.emerald.com/insight/publication/doi/10.1108/S0731-9053(2011)27_Part_1
942 _cEBOOK
999 _c1499803
_d1499803